Deportes de las Olimpiadas del 2024 - Estadísticas

Estadísticas generales
  • Esta prueba ha sido intentada 5.939 veces
    3.364 desde el último reinicio
  • La puntuación promedio es 16 de 32
Estadísticas de respuestas
Deporte % Correcto
Fútbol
98%
Deportes acuáticos
94%
Baloncesto
93%
Atletismo
92%
Tenis
82%
Gimnasia
67%
Tiro olímpico
67%
Balonmano
64%
Judo
62%
Ciclismo
60%
Tenis de mesa
55%
Boxeo
51%
Bádminton
50%
Hockey sobre césped
49%
Voleibol
48%
Esgrima
47%
Vela
44%
Piragüismo
41%
Rugby 7
41%
Taekwondo
41%
Remo
37%
Tiro con arco
37%
Surf
36%
Escalada
35%
Golf
34%
Lucha
34%
Triatlón
34%
Breakdance
33%
Halterofilia
33%
Equitación
32%
Skateboarding
23%
Pentatlón moderno
18%
No se encontraron pruebas coincidentes
Distribución de puntuación
Porcentaje de gente con cada puntuación
Porcentaje por número respondido
Historial de tus puntuaciones
No has intentado esta prueba desde el último reinicio